000 01150nam a2200277Ia 4500
003 OSt
005 20221005103712.0
006 a|||||r|||| 00| 0
007 ta
008 221004b |||||||| |||| 00| 0 hin d
020 _a9788188466962 (hbk)
024 _a26971
037 _bGift, 16/05/2016,
_cTextual
040 _aCRL
_cCRL
_bhin
041 _2hin
_ahin
082 _aO152,3:g, Q2
100 _aनिचले, मीरा रामराव
245 0 _aहिन्दी कहानियोें में ‘ हंस ’ पत्रिका का योगदान
246 _aHindī kahāniyoean mean ‘ hansa ’ patrikā kā yogadāna
260 _aदिल्ली
_bअमरसत्य प्रकाशन भारत
_c2012
300 _a232पृ0
_ccm.
650 _aहिन्दी साहित्य
700 _a यादव, राजेन्द्र, संपा.
942 _hO152,3:g, Q2
_cTEXL
_2cc
999 _c1010668
_d1010668